Euro 2024: Liste de l'Angleterre - Statistiques

Statistiques générales
  • Ce quiz a été pris 161 fois
  • Le résultat moyen est 17 sur 26
Statistiques - réponses
Club Poste Réponse % Correct
Bayern Munich Attaquants Harry Kane
93%
Everton FC Gardiens Jordan Pickford
93%
Real Madrid Attaquants Jude Bellingham
91%
Arsenal FC Attaquants Bukayo Saka
90%
Manchester City Attaquants Phil Foden
87%
Manchester City Défenseurs John Stones
85%
Chelsea FC Attaquants Cole Palmer
83%
Arsenal FC Milieux Declan Rice
82%
Manchester City Défenseurs Kyle Walker
82%
Liverpool FC Milieux Trent Alexander-Arnold
81%
Arsenal FC Gardiens Aaron Ramsdale
75%
Aston Villa Attaquants Ollie Watkins
69%
Manchester United Défenseurs Luke Shaw
63%
Newcastle United Défenseurs Kieran Trippier
60%
Chelsea FC Milieux Conor Gallagher
59%
Liverpool FC Défenseurs Joe Gomez
56%
Manchester United Milieux Kobbie Mainoo
55%
Crystal Palace Attaquants Eberechi Eze
52%
Newcastle United Attaquants Anthony Gordon
51%
Brentford FC Attaquants Ivan Toney
51%
Crystal Palace Défenseurs Marc Guéhi
50%
West Ham United Attaquants Jarrod Bowen
49%
Crystal Palace Gardiens Dean Henderson
43%
Brighton Défenseurs Lewis Dunk
40%
Aston Villa FC Défenseurs Ezri Konsa
29%
Crystal Palace Milieux Adam Wharton
19%
Aucun quiz correspondant
Distribution des résultats
% des personnes avec chaque résultat
Percentile par nombre de réponses
Votre historique - résultats
Vous n’avez pas pris ce quiz